000 00192nam a2200085 4500
001 1258278
005 20260304123750.0
245 _aKUTUP SEFERLERİ
_cSİNAN YİRMİBEŞOĞLU
260 _bTÜBİTAK
999 _c1258278
_d1258278